[Event "17th Dubai Chess Open"]
[Site "Dubai UAE"]
[Date "2015.04.06"]
[Round "1.25"]
[White "Siva, Mahadevan"]
[Black "Papp, Gabor1"]
[Result "0-1"]
[BlackTitle "GM"]
[WhiteElo "2097"]
[BlackElo "2575"]
[WhiteFideId "25043153"]
[BlackFideId "718602"]
[EventDate "2015.04.06"]

1. e4 e5 2. Nf3 Nc6 3. Bc4 Nf6 4. d3 Bc5 5. c3 O-O 6. O-O d6 7. b4 Bb6 8. a4 a6
9. Nbd2 Ne7 10. Bb3 Ng6 11. Nc4 Ba7 12. Be3 h6 13. Bxa7 Rxa7 14. Ne3 Ra8 15. Re1
c6 16. g3 Re8 17. Qe2 Bh3 18. Rad1 Qc7 19. Nh4 Nxh4 20. gxh4 Be6 21. Bxe6 fxe6
22. Kh1 Qf7 23. Rg1 Rf8 24. Rg2 Nh5 25. Rdg1 Qf3 26. Qxf3 Rxf3 27. d4 exd4 28.
cxd4 Rf4 29. Rg6 Kf7 30. Nc4 Ke7 31. R6g4 Rxg4 32. Rxg4 b5 33. axb5 axb5 34. Ne3
Ra4 35. d5 Rxb4 36. dxc6 Rb1+ 37. Kg2 Rc1 38. e5 dxe5 39. Rb4 Rc5 40. Kf3 Kd6
41. Rb1 Kxc6 42. Ke4 Nf6+ 43. Kd3 e4+ 44. Kd2 Rh5 45. Nc2 Rxh4 46. Nd4+ Kd5 47.
Nxb5 Rxh2 48. Ke2 Ng4 49. Nc3+ Ke5 50. Rb5+ Kf4 51. Nd1 h5 52. Rb7 g5 53. Rf7+
Ke5 54. Kf1 Rh1+ 55. Ke2 h4 0-1

[Event "17th Dubai Chess Open"]
[Site "Dubai UAE"]
[Date "2015.04.06"]
[Round "1.26"]
[White "Banusz, Tamas"]
[Black "Kulkarni, Vinayak"]
[Result "1-0"]
[WhiteTitle "GM"]
[WhiteElo "2585"]
[BlackElo "2037"]
[WhiteFideId "722413"]
[BlackFideId "5021332"]
[EventDate "2015.04.06"]

1. Nf3 d5 2. d4 Nf6 3. c4 c6 4. g3 g6 5. Bg2 Bg7 6. Qb3 O-O 7. O-O dxc4 8. Qxc4
Be6 9. Qa4 Nbd7 10. Nc3 Nd5 11. Rd1 Qc8 12. Bg5 N7f6 13. Ne1 h6 14. Bxf6 Nxf6
15. Nd3 Rd8 16. Rac1 Bh3 17. Bh1 Nd7 18. Nd5 Nb6 19. Nxe7+ Kh7 20. Qb3 Qe6 21.
Qxe6 Bxe6 22. Nc5 Rxd4 23. Rxd4 Bxd4 24. Nxe6 fxe6 25. Be4 Bxb2 26. Rd1 Kg7 27.
Nxg6 Nd5 28. Rb1 Nc3 29. Rxb2 Nxe4 30. Nf4 Nc5 31. Nd3 Nxd3 32. Rxb7+ Kf6 33.
exd3 Rd8 34. Rb3 Ke5 35. Kf1 Rd4 36. Ra3 Rd5 37. Ke2 a5 38. Ke3 Kd6 39. Ra4 Re5+
40. Re4 Rb5 41. Rh4 Re5+ 42. Kd2 Rf5 43. Rd4+ Kc5 44. Rc4+ Kd6 45. f4 Rh5 46. h4
Rb5 47. g4 Rb2+ 48. Rc2 Rb1 49. Ke3 Rh1 50. h5 Kd5 51. Rg2 Rh3+ 52. Ke2 Kd4 53.
g5 hxg5 54. fxg5 Rxh5 55. g6 Rh8 56. g7 Rg8 57. Rg5 Kc3 58. Ke3 a4 59. Ke4 a3
60. d4 Kb2 61. Rg2+ Kb1 62. Ke5 Rxg7 63. Rxg7 Kxa2 64. Kxe6 1-0

[Event "17th Dubai Chess Open"]
[Site "Dubai UAE"]
[Date "2015.04.06"]
[Round "1.27"]
[White "Alattar, Rakan"]
[Black "Solodovnichenko, Yuri"]
[Result "0-1"]
[WhiteTitle "CM"]
[BlackTitle "GM"]
[WhiteElo "2088"]
[BlackElo "2584"]
[WhiteFideId "8101248"]
[BlackFideId "14104369"]
[EventDate "2015.04.06"]

1. d4 Nf6 2. Nc3 d5 3. Bg5 Nbd7 4. e3 e6 5. f4 Bb4 6. Nf3 c5 7. Bb5 Qa5 8. Bxd7+
Bxd7 9. O-O Bxc3 10. bxc3 Qxc3 11. f5 Ne4 12. fxe6 Bxe6 13. Bf4 O-O 14. Rb1 b6
15. dxc5 Qxc5 16. Qd3 Bf5 17. Rb5 Nf6 18. Qxf5 Qxb5 19. Be5 Qd7 20. Qg5 h6 21.
Qh4 Ne4 22. c4 Rae8 23. Rd1 Qa4 24. Rxd5 Qxc4 25. Rd1 Nd2 26. Qg3 Nxf3+ 27. gxf3
f6 28. Bf4 Rd8 29. Re1 Kh7 30. e4 Rd3 31. e5 Qd4+ 32. Kg2 Rd1 33. exf6 Rxf6 34.
Rxd1 Qxd1 35. Qh4 g5 0-1

[Event "17th Dubai Chess Open"]
[Site "Dubai UAE"]
[Date "2015.04.06"]
[Round "1.28"]
[White "Nigalidze, Gaioz"]
[Black "Al Yaghshi, M. Hisham"]
[Result "1-0"]
[WhiteTitle "GM"]
[WhiteElo "2566"]
[BlackElo "2046"]
[WhiteFideId "13603078"]
[BlackFideId "7604610"]
[EventDate "2015.04.06"]

1. d4 Nf6 2. c4 c5 3. d5 e6 4. Nc3 exd5 5. cxd5 d6 6. e4 g6 7. Nf3 a6 8. a4 Bg4
9. h3 Bxf3 10. Qxf3 Bg7 11. Be2 O-O 12. O-O Re8 13. Bf4 Nh5 14. Bd2 Nd7 15. g4
Bxc3 16. Qxc3 Nhf6 17. f3 Nxd5 18. Qd3 Re5 19. f4 c4 20. Qd4 Re8 21. Qxd5 Qb6+
22. Kg2 Nf6 23. Qa5 Qxb2 24. Bxc4 Nxe4 25. Ra2 Qg7 26. Bc1 Rac8 27. Bb2 Qh6 28.
Qd5 Rxc4 29. Qxc4 Qh4 30. Ra3 Nd2 31. Re3 Qd8 32. Qd4 1-0

[Event "17th Dubai Chess Open"]
[Site "Dubai UAE"]
[Date "2015.04.07"]
[Round "2.1"]
[White "Howell, David W L"]
[Black "Das, Sayantan"]
[Result "1-0"]
[WhiteTitle "GM"]
[BlackTitle "IM"]
[WhiteElo "2686"]
[BlackElo "2434"]
[WhiteFideId "410608"]
[BlackFideId "5034426"]
[EventDate "2015.04.06"]

1. d4 d5 2. c4 c6 3. Nf3 Nf6 4. Nc3 dxc4 5. a4 Bf5 6. Ne5 Nbd7 7. Nxc4 Nb6 8.
Ne5 a5 9. f3 Nfd7 10. Nxd7 Nxd7 11. e4 Bg6 12. Be3 e5 13. dxe5 Bc5 14. Bxc5 Nxc5
15. Qxd8+ Kxd8 16. h4 h5 17. Rh3 Re8 18. Rg3 Ke7 19. Bc4 Rad8 20. Rd1 Nxa4 21.
Nxa4 Rxd1+ 22. Kxd1 b5 23. Bb3 bxa4 24. Bxa4 Rb8 25. Kc2 Rb4 26. Bb3 a4 27. Ba2
Rb5 28. Rg5 Rc5+ 29. Kd2 Kf8 30. e6 Rxg5 31. hxg5 fxe6 32. Bxe6 Ke7 33. Bc4 Kd6
34. g3 Kc5 35. Kc3 1-0

[Event "17th Dubai Chess Open"]
[Site "Dubai UAE"]
[Date "2015.04.07"]
[Round "2.2"]
[White "Abdelnabbi, Imed"]
[Black "Fedoseev, Vladimir3"]
[Result "0-1"]
[WhiteTitle "IM"]
[BlackTitle "GM"]
[WhiteElo "2433"]
[BlackElo "2674"]
[WhiteFideId "10600035"]
[BlackFideId "24130737"]
[EventDate "2015.04.06"]

1. d4 Nf6 2. c4 e6 3. Nc3 Bb4 4. Qc2 b6 5. a3 Bxc3+ 6. Qxc3 Bb7 7. f3 c5 8. dxc5
bxc5 9. Bg5 Nc6 10. O-O-O Ne4 11. Qxg7 Qxg5+ 12. Qxg5 Nxg5 13. h4 Ne4 14. fxe4
Ne5 15. Rh3 Nxc4 16. Rc3 Nb6 17. Rxc5 Ke7 18. Kd2 Na4 19. Ra5 Nxb2 20. Rc1 Bxe4
21. Nh3 Rhc8 22. e3 Rxc1 23. Kxc1 Nc4 24. Bxc4 Rc8 25. Ra4 Bxg2 26. Nf4 Bd5 27.
Kd2 Bxc4 28. Rxa7 e5 29. Nd3 f6 30. Nb4 Be6 31. a4 Kd6 32. a5 Rc5 33. a6 Rb5 34.
Kc3 Rb8 35. e4 h5 36. Nd5 Bxd5 37. exd5 f5 38. Kc4 f4 39. Kd3 Rb3+ 40. Ke4 Re3+
41. Kf5 f3 42. Rb7 f2 0-1

[Event "17th Dubai Chess Open"]
[Site "Dubai UAE"]
[Date "2015.04.07"]
[Round "2.3"]
[White "Kovalenko, Igor"]
[Black "Pourramezanali, Amirreza"]
[Result "1/2-1/2"]
[WhiteTitle "GM"]
[BlackTitle "IM"]
[WhiteElo "2661"]
[BlackElo "2432"]
[WhiteFideId "14117908"]
[BlackFideId "12511412"]
[EventDate "2015.04.06"]

1. d4 d5 2. c4 c6 3. Nc3 Nf6 4. Nf3 e6 5. e3 Nbd7 6. Qc2 Bd6 7. b3 O-O 8. Bb2 e5
9. Be2 e4 10. Nd2 Re8 11. cxd5 cxd5 12. Nb5 Nf8 13. Nxd6 Qxd6 14. Qc5 Qd8 15. h3
Bd7 16. Rc1 Ne6 17. Qb4 Qb8 18. Ba3 a5 19. Qd6 a4 20. Qxb8 Rexb8 21. Nb1 axb3
22. axb3 Rc8 23. Kd2 Nc7 24. Rc5 b6 25. Rc2 Nb5 26. Rxc8+ Rxc8 27. Be7 Ne8 28.
Rc1 Rxc1 29. Kxc1 f6 30. Bd8 Nbc7 31. Nc3 Kf7 32. Kb2 Ke6 33. Bh5 g6 34. Be2 Kd6
35. h4 Bc6 36. Bg4 Bd7 37. Bd1 Bc6 38. Bg4 Bd7 39. Be2 Bc6 40. b4 Kd7 41. Bxc7
Kxc7 42. b5 Bb7 43. Kc2 Kd6 44. Kd2 Bc8 45. Na4 Kc7 46. Ke1 Ng7 47. Kf1 Bd7 48.
Kg1 Nf5 49. Nc3 Kd6 50. g3 Ng7 51. f3 f5 52. Kf2 Ne6 53. g4 exf3 54. Bxf3 Nc7
55. gxf5 Bxf5 56. Be2 h6 57. Kg3 g5 58. hxg5 hxg5 59. Na4 Na8 60. Bf1 Bd7 61.
Bd3 Be6 62. Kf3 Bd7 63. Be2 Be6 64. Kg3 Bd7 65. Bf1 Bf5 66. Kf2 Bd7 67. Kf3 Bf5
68. Kg3 Bd7 69. Be2 Bf5 70. Nc3 Nc7 71. Bf1 Bd7 72. Kf3 Bf5 73. Kf2 Bd7 74. Kg3
Bf5 75. Kf3 Bd7 76. e4 dxe4+ 77. Kxe4 Be6 78. Na4 Bd7 79. Nxb6 Bxb5 80. Nc8+ Ke6
81. d5+ Nxd5 82. Bh3+ Kf6 83. Kxd5 Be2 84. Bd7 g4 85. Ke4 g3 86. Ke3 g2 87. Kf2
Bf1 1/2-1/2

[Event "17th Dubai Chess Open"]
[Site "Dubai UAE"]
[Date "2015.04.07"]
[Round "2.4"]
[White "Petrosyan, Manuel"]
[Black "Petrosian, Tigran L."]
[Result "1/2-1/2"]
[WhiteTitle "IM"]
[BlackTitle "GM"]
[WhiteElo "2427"]
[BlackElo "2671"]
[WhiteFideId "13300857"]
[BlackFideId "13301616"]
[EventDate "2015.04.06"]

1. Nf3 d6 2. g3 e5 3. d3 Be7 4. Bg2 c6 5. c4 g5 6. Nc3 g4 7. Ng1 h5 8. h3 Bf6 9.
hxg4 hxg4 10. e4 Rxh1 11. Bxh1 Bg5 12. Nge2 Be6 13. Bxg5 Qxg5 14. Qd2 Qxd2+ 15.
Kxd2 Nf6 16. Bg2 Kf8 17. b3 Nbd7 18. d4 exd4 19. Nxd4 Re8 20. Re1 Ne5 21. Nde2
a6 22. a4 a5 23. Nf4 Nfd7 24. Rh1 Nc5 25. Kc2 Bd7 26. Rh6 Ke7 27. Nce2 f5 28.
exf5 Bxf5+ 29. Kc3 Be4 30. Nd4 Kd7 31. Bf1 Re7 32. Kb2 Rf7 33. Be2 Ncd3+ 34.
Bxd3 Nxd3+ 35. Nxd3 Bxd3 36. Kc3 Be4 37. Rh2 c5 38. Nc2 Bxc2 39. Kxc2 Ke6 40.
Kb1 Kf5 41. Rh4 Kg5 42. Rh2 Re7 43. Kc2 Re1 44. Rh8 Re2+ 45. Kd3 Rb2 46. Rg8+
Kh5 47. Rh8+ Kg6 48. Kc3 Rxf2 49. Rg8+ Kf7 50. Rxg4 Rf3+ 51. Kb2 Kf6 52. Rg8 Ke5
53. Re8+ Kd4 54. Re6 Rf2+ 55. Ka3 Kc3 56. Rxd6 Rf1 57. Ka2 Rg1 58. Rd7 Rxg3 59.
Rxb7 Rg2+ 60. Ka3 Rb2 61. Rb5 Rb1 62. Ka2 Kc2 63. Rxc5 Rb2+ 64. Ka3 Rxb3+ 65.
Ka2 Rb4 66. Rxa5 Rb2+ 1/2-1/2

[Event "17th Dubai Chess Open"]
[Site "Dubai UAE"]
[Date "2015.04.07"]
[Round "2.5"]
[White "Rathnakaran, K."]
[Black "Zhigalko, Sergei"]
[Result "0-1"]
[WhiteTitle "IM"]
[BlackTitle "GM"]
[WhiteElo "2411"]
[BlackElo "2675"]
[WhiteFideId "5005507"]
[BlackFideId "13502956"]
[EventDate "2015.04.06"]

1. e4 c5 2. Nf3 d6 3. c3 Nf6 4. h3 Nc6 5. Bd3 d5 6. e5 Nd7 7. Bb5 Qb6 8. Qe2 c4
9. Ba4 Nc5 10. Bc2 g6 11. O-O Bf5 12. Bxf5 gxf5 13. b3 cxb3 14. d4 Ne4 15. e6
fxe6 16. axb3 Bg7 17. Ng5 Kd7 18. b4 a6 19. Re1 Rhg8 20. Nxe4 fxe4 21. Nd2 Qb5
22. Qd1 Bf6 23. Ra3 Rg6 24. Nb3 b6 25. Be3 Nd8 26. Qa1 Nf7 27. Nc5+ bxc5 28. Ra5
Qb7 29. bxc5 Ke8 30. Rb1 Qc8 31. Rb6 e5 32. Qa4+ Kf8 33. Kf1 exd4 34. cxd4 Bg5
35. Bxg5 Nxg5 36. c6 Qf5 37. Qb3 e3 38. Ra2 Rc8 0-1

[Event "17th Dubai Chess Open"]
[Site "Dubai UAE"]
[Date "2015.04.07"]
[Round "2.6"]
[White "Bartel, Mateusz"]
[Black "Beshukov, Sergei"]
[Result "1-0"]
[WhiteTitle "GM"]
[BlackTitle "GM"]
[WhiteElo "2627"]
[BlackElo "2416"]
[WhiteFideId "1112635"]
[BlackFideId "4105451"]
[EventDate "2015.04.06"]

1. e4 c5 2. Nf3 e6 3. c3 Nf6 4. e5 Nd5 5. d4 cxd4 6. cxd4 d6 7. Bc4 Nc6 8. O-O
Nb6 9. Bb3 dxe5 10. dxe5 Qxd1 11. Rxd1 Na5 12. Nc3 Bd7 13. Bc2 Rc8 14. Nd4 Nc6
15. Ndb5 a6 16. Nd6+ Bxd6 17. exd6 Nb4 18. Bb3 Bc6 19. Be3 N4d5 20. Bd4 Nxc3 21.
bxc3 Nd7 22. a4 O-O 23. f3 Rfd8 24. c4 b6 25. a5 b5 26. Rac1 Rb8 27. cxb5 Bxb5
28. Ba7 Ra8 29. Rc7 Nf6 30. Bb6 h6 31. Bc4 Bxc4 32. Rxc4 Rd7 33. Rc6 Nd5 34. Kf2
Kh7 35. Rd4 g5 36. g3 Kg6 37. Ke2 Rb8 38. Kd3 Kf6 39. Kc4 Ne3+ 40. Kc5 Nf5 41.
Rc7 Nxd4 42. Rxd7 e5 43. Kd5 Ne6 44. Ra7 1-0

[Event "17th Dubai Chess Open"]
[Site "Dubai UAE"]
[Date "2015.04.07"]
[Round "2.7"]
[White "Sundararajan, Kidambi"]
[Black "Ivanisevic, Ivan"]
[Result "1/2-1/2"]
[WhiteTitle "GM"]
[BlackTitle "GM"]
[WhiteElo "2433"]
[BlackElo "2638"]
[WhiteFideId "5005370"]
[BlackFideId "912417"]
[EventDate "2015.04.06"]

1. c4 e5 2. Nc3 Nc6 3. g3 Bc5 4. Bg2 d6 5. Nf3 Nge7 6. e3 O-O 7. d4 exd4 8. exd4
Bb4 9. O-O Bxc3 10. bxc3 b6 11. Re1 Rb8 12. Ng5 h6 13. Ne4 Bf5 14. g4 Bg6 15.
Ng3 Na5 16. h4 Qd7 17. h5 Bh7 18. g5 hxg5 19. Bxg5 f6 20. Bf4 Rbe8 21. Re3 Kh8
22. Qe2 Nf5 23. Nxf5 Bxf5 24. Re1 Rxe3 25. Qxe3 Nxc4 26. Qe7 Rd8 27. Bc6 Qxe7
28. Rxe7 Na5 29. Rxc7 Nxc6 30. Rxc6 d5 31. h6 Rd7 32. Rd6 Rxd6 33. hxg7+ Kxg7 1/2-1/2

[Event "17th Dubai Chess Open"]
[Site "Dubai UAE"]
[Date "2015.04.07"]
[Round "2.8"]
[White "Karavade, Eesha"]
[Black "Iturrizaga Bonelli, Eduardo"]
[Result "1/2-1/2"]
[WhiteTitle "IM"]
[BlackTitle "GM"]
[WhiteElo "2405"]
[BlackElo "2630"]
[WhiteFideId "5012600"]
[BlackFideId "3901211"]
[EventDate "2015.04.06"]

1. d4 Nf6 2. c4 e6 3. Nc3 Bb4 4. Qc2 d6 5. Nf3 Nbd7 6. g3 b6 7. Bg2 Bb7 8. a3
Bxc3+ 9. Qxc3 a5 10. b3 Be4 11. Bb2 O-O 12. O-O Qe7 13. Rac1 Rfb8 14. Qe3 c5 15.
Rfd1 a4 16. bxa4 Rxa4 17. Qd2 Ne8 18. Qe3 Ndf6 19. Bh3 h6 20. Nd2 Ba8 21. Qb3
Ra6 22. Nb1 Qb7 23. f3 d5 24. cxd5 Qxd5 25. Qxd5 Bxd5 26. dxc5 bxc5 27. Be5 Rc8
28. e4 Ba2 29. Bf1 Ra7 30. Nc3 Bb3 31. Rd2 Rxa3 32. Nb5 Raa8 33. Rd3 c4 34. Rdc3
Nd7 35. Bd4 Rcb8 36. Na7 Rb7 37. Nc6 Nd6 38. Re3 Ra6 39. Ne5 Nxe5 40. Bxe5 f6
41. Bc3 Nb5 42. Be1 Ra4 43. e5 f5 44. f4 g5 45. fxg5 hxg5 46. g4 Nd4 47. gxf5
exf5 48. e6 Re7 49. Bc3 Nxe6 50. Rce1 Kf7 51. Bg2 Bc2 52. Bd5 Be4 53. Bxe4 fxe4
54. Rxe4 Re8 55. Re5 Ra3 56. Rf5+ Kg6 57. Rf6+ Kh5 58. Bd2 c3 59. Bxc3 Rxc3 60.
Rfxe6 1/2-1/2

[Event "17th Dubai Chess Open"]
[Site "Dubai UAE"]
[Date "2015.04.07"]
[Round "2.9"]
[White "Istratescu, Andrei"]
[Black "Videnova, Iva"]
[Result "1-0"]
[WhiteTitle "GM"]
[BlackTitle "IM"]
[WhiteElo "2630"]
[BlackElo "2398"]
[WhiteFideId "1200372"]
[BlackFideId "2907763"]
[EventDate "2015.04.06"]

1. e4 c5 2. Nf3 d6 3. d4 cxd4 4. Nxd4 Nf6 5. Nc3 g6 6. Be3 Bg7 7. f3 Nc6 8. Qd2
O-O 9. g4 Be6 10. Nxe6 fxe6 11. O-O-O Ne5 12. Be2 Rc8 13. Nb5 Nc4 14. Bxc4 Rxc4
15. Qd3 Rc8 16. Qb3 d5 17. Bxa7 Qa5 18. Bd4 dxe4 19. g5 Nd5 20. fxe4 Nb4 21.
Qxe6+ Kh8 22. Bxg7+ Kxg7 23. Rd7 Rxc2+ 24. Kb1 Rcf2 25. Rxe7+ R8f7 26. Rxf7+
Rxf7 27. Nd6 Rf2 28. Rd1 Qa4 29. Nf5+ 1-0

[Event "17th Dubai Chess Open"]
[Site "Dubai UAE"]
[Date "2015.04.07"]
[Round "2.10"]
[White "Baghdasaryan, Vahe"]
[Black "Gupta, Abhijeet"]
[Result "0-1"]
[WhiteTitle "IM"]
[BlackTitle "GM"]
[WhiteElo "2400"]
[BlackElo "2625"]
[WhiteFideId "13303139"]
[BlackFideId "5010608"]
[EventDate "2015.04.06"]

1. e4 e6 2. d4 d5 3. Nc3 Nf6 4. Bg5 dxe4 5. Nxe4 Be7 6. Bxf6 gxf6 7. Nf3 f5 8.
Nc3 a6 9. Qe2 b5 10. O-O-O b4 11. Na4 Qd5 12. b3 Bd7 13. Nc5 Bb5 14. Qe5 Qxe5
15. Nxe5 Bxc5 16. dxc5 Ke7 17. c4 bxc3 18. a4 Nd7 19. axb5 Nxe5 20. bxa6 Rhb8
21. Kc2 Ng4 22. c6 Nxf2 23. Rd7+ Kf6 24. Rg1 Ra7 25. Be2 Ne4 26. g4 Nc5 27. g5+ 0-1

[Event "17th Dubai Chess Open"]
[Site "Dubai UAE"]
[Date "2015.04.07"]
[Round "2.11"]
[White "Perunovic, Milos"]
[Black "Vignesh, NR"]
[Result "0-1"]
[WhiteTitle "GM"]
[WhiteElo "2632"]
[BlackElo "2365"]
[WhiteFideId "921629"]
[BlackFideId "25012215"]
[EventDate "2015.04.06"]

1. e4 c5 2. Nf3 d6 3. d4 cxd4 4. Nxd4 Nf6 5. Nc3 a6 6. Be3 e5 7. Nb3 Be6 8. h3
Nc6 9. Qf3 d5 10. exd5 Bxd5 11. Nxd5 Qxd5 12. Be2 Nb4 13. Qxd5 Nfxd5 14. O-O-O
Nxe3 15. fxe3 Rc8 16. c3 Nc6 17. Rhf1 g6 18. Kb1 Bh6 19. Nc5 Rc7 20. Ne4 O-O 21.
g4 f5 22. g5 Bg7 23. Nc5 Nd8 24. Rd5 Re8 25. Bc4 Kf8 26. e4 f4 27. Nd7+ Ke7 28.
Nb6 Rc6 29. Rd7+ Kf8 30. Rfd1 Rxb6 31. Rxd8 Rc6 32. Bb3 Rc7 33. Kc2 Ke7 34. R8d6
Rb8 35. a4 Ke8 36. a5 Bf8 37. Re6+ Be7 38. Rxe5 b6 39. Rf1 Rc5 40. Bd5 bxa5 41.
Rxf4 a4 42. Rf7 Rc7 43. Rxh7 Rb6 0-1

[Event "17th Dubai Chess Open"]
[Site "Dubai UAE"]
[Date "2015.04.07"]
[Round "2.12"]
[White "Mosadeghpour, Masoud"]
[Black "Fier, Alexandr"]
[Result "1/2-1/2"]
[BlackTitle "GM"]
[WhiteElo "2371"]
[BlackElo "2601"]
[WhiteFideId "12519278"]
[BlackFideId "2107139"]
[EventDate "2015.04.06"]

1. e4 c5 2. d4 cxd4 3. c3 dxc3 4. Nxc3 Nc6 5. Nf3 d6 6. Bc4 a6 7. O-O Nf6 8. h3
e6 9. Qe2 Bd7 10. Bf4 Qb8 11. e5 dxe5 12. Nxe5 Nxe5 13. Bxe5 Bd6 14. Bxf6 gxf6
15. Nd5 Qd8 16. Rad1 Bc6 17. Nb4 Qc7 18. Nxc6 Qxc6 19. Bd5 Qb5 20. Qxb5+ axb5
21. Bxe6 fxe6 22. Rxd6 Rxa2 23. Rxe6+ Kf7 24. Rfe1 Rxb2 25. Re7+ Kg6 26. R1e3 h5
27. Rg3+ Kf5 28. Rf3+ Kg6 29. Rxb7 Rb4 30. Rg3+ Kf5 31. Rb6 Rf8 32. Rc3 Rb1+ 33.
Kh2 Rb2 34. Rc5+ Kg6 35. Rbxb5 Rxf2 36. Rxh5 Rg8 37. Kg1 Ra2 38. Ra5 Rb2 39.
Rhb5 Rxb5 40. Rxb5 Ra8 41. Kh2 Ra3 42. h4 Rc3 43. g3 Rc4 44. Kh3 Ra4 45. Rb8 Kg7
46. Kg2 Ra2+ 47. Kh3 Ra4 48. h5 Rc4 49. g4 Rc3+ 50. Kh4 Ra3 51. Rb6 Rc3 1/2-1/2

[Event "17th Dubai Chess Open"]
[Site "Dubai UAE"]
[Date "2015.04.07"]
[Round "2.13"]
[White "Rakhmanov, Aleksandr"]
[Black "Abhishek, Kelkar"]
[Result "0-1"]
[WhiteTitle "GM"]
[WhiteElo "2639"]
[BlackElo "2343"]
[WhiteFideId "4173708"]
[BlackFideId "5019257"]
[EventDate "2015.04.06"]

1. Nf3 Nf6 2. g3 d5 3. Bg2 c6 4. d4 h6 5. c4 Bf5 6. Nc3 e6 7. Qb3 Qb6 8. c5 Qc7
9. Bf4 Qc8 10. O-O Be7 11. Rfc1 O-O 12. Qd1 Ne4 13. b4 Nd7 14. Nd2 Nxc3 15. Rxc3
Bf6 16. Nf3 Re8 17. Re3 a5 18. a3 Ra7 19. Rc1 axb4 20. axb4 Qa8 21. Be5 Ra3 22.
Bf4 Rxe3 23. Bxe3 Qa3 24. Bd2 e5 25. dxe5 Nxe5 26. Nd4 Bg6 27. Bc3 Nc4 28. e3
Bg5 29. Kh1 Nxe3 30. fxe3 Rxe3 31. h4 Rd3 32. Qxd3 Bxd3 0-1

[Event "17th Dubai Chess Open"]
[Site "Dubai UAE"]
[Date "2015.04.07"]
[Round "2.16"]
[White "Tissir, Mohamed"]
[Black "Guseinov, Gadir"]
[Result "0-1"]
[WhiteTitle "IM"]
[BlackTitle "GM"]
[WhiteElo "2359"]
[BlackElo "2614"]
[WhiteFideId "9000240"]
[BlackFideId "13401378"]
[EventDate "2015.04.06"]

1. e4 e6 2. d4 d5 3. Nc3 Nf6 4. Bg5 dxe4 5. Nxe4 Be7 6. Bxf6 gxf6 7. Nf3 f5 8.
Nc3 a6 9. Qe2 b5 10. O-O-O b4 11. Na4 Qd5 12. b3 Bd7 13. Nc5 Bb5 14. Qe5 Qxe5
15. Nxe5 Bxc5 16. dxc5 Ke7 17. c4 bxc3 18. a4 Nd7 19. axb5 Nxe5 20. bxa6 Rhb8
21. Kc2 Ng4 22. c6 Nxf2 23. Rd7+ Kf6 24. Rg1 Ra7 25. Be2 Ne4 26. g4 Nc5 27. gxf5
Nxd7 28. cxd7 Kxf5 29. Kxc3 Kf6 30. b4 c6 31. Rd1 Ke7 32. b5 cxb5 33. Bxb5 Kd8
34. Kc4 Rc7+ 35. Kb4 Rc2 36. Ka5 Rxh2 37. Rg1 Ke7 38. Rd1 Ra2+ 39. Ba4 Rd8 40.
a7 h5 41. Rb1 Ra8 42. Rb7 Kf6 43. Kb6 Rxa4 44. Kc5 Ra5+ 45. Kc6 Ra6+ 46. Kc5 Rd8 0-1

[Event "17th Dubai Chess Open"]
[Site "Dubai UAE"]
[Date "2015.04.07"]
[Round "2.18"]
[White "Vijayalakshmi, Subbaraman"]
[Black "Volkov, Sergey"]
[Result "0-1"]
[WhiteTitle "IM"]
[BlackTitle "GM"]
[WhiteElo "2319"]
[BlackElo "2614"]
[WhiteFideId "5004098"]
[BlackFideId "4122763"]
[EventDate "2015.04.06"]

1. d4 d5 2. c4 c6 3. Nf3 Nf6 4. e3 Bf5 5. Nc3 e6 6. Nh4 Bg6 7. Nxg6 hxg6 8. Bd2
Nbd7 9. Rc1 Bd6 10. g3 Qe7 11. Qb3 Rb8 12. Bg2 O-O 13. O-O a6 14. c5 Bc7 15. f4
b6 16. Qa4 bxc5 17. Qxc6 Nb6 18. dxc5 Nc4 19. Rc2 Rfc8 20. Qxa6 Ba5 21. Bc1 Qxc5
22. Na4 Qb4 23. b3 Ra8 24. Rxc4 Rxa6 25. Rxc8+ Kh7 26. Rc2 Ne4 27. Rd1 Bd8 28.
Bf1 Ra7 29. Bb2 Rc7 30. Rxc7 Bxc7 31. Bd4 Qa3 32. Ra1 Bd8 33. Nc3 Nxc3 34. Bxc3
Bf6 35. Bxf6 gxf6 36. Be2 Qc5 37. Kf2 d4 38. Rd1 dxe3+ 39. Kf1 Qc6 40. Kg1 Qc2
41. Kf1 Qe4 42. Kg1 e5 43. fxe5 Qc2 44. Re1 fxe5 45. a4 f5 46. Kg2 Qxb3 47. Bf3
e4 48. Bd1 Qc3 49. Kf1 g5 50. Re2 f4 51. Bc2 Qd4 0-1

[Event "17th Dubai Chess Open"]
[Site "Dubai UAE"]
[Date "2015.04.07"]
[Round "2.19"]
[White "Prohaszka, Peter2"]
[Black "Mehar, Chinna Reddy C.H."]
[Result "1/2-1/2"]
[WhiteTitle "GM"]
[BlackTitle "FM"]
[WhiteElo "2597"]
[BlackElo "2319"]
[WhiteFideId "726265"]
[BlackFideId "5027420"]
[EventDate "2015.04.06"]

1. Nf3 d5 2. g3 Bg4 3. Bg2 Nd7 4. c4 e6 5. cxd5 exd5 6. d3 Ngf6 7. O-O Bc5 8.
Nc3 c6 9. b3 Bb6 10. Na4 O-O 11. Nxb6 axb6 12. Qc2 Qe7 13. Be3 b5 14. h3 Bxf3
15. Bxf3 Ra6 16. a3 Rfa8 17. Bd2 Qc5 18. Qb1 Qd4 19. Bb4 Nc5 20. Qc2 Ne6 21. Bg2
h5 22. Rae1 Re8 23. e3 Qb6 24. f4 Raa8 25. Kh2 Rad8 26. e4 h4 27. g4 c5 28. Qf2
d4 29. Bd2 c4 30. g5 Nh7 31. Qxh4 Nc5 32. e5 Nf8 33. Be4 Nxe4 34. Rxe4 Qc6 35.
Qg3 Ne6 36. Bb4 g6 37. f5 Ng7 38. fxg6 fxg6 39. Rf6 Re6 1/2-1/2

[Event "17th Dubai Chess Open"]
[Site "Dubai UAE"]
[Date "2015.04.07"]
[Round "2.21"]
[White "Mchedlishvili, Mikheil"]
[Black "Isaev, Jamshed"]
[Result "1-0"]
[WhiteTitle "GM"]
[BlackTitle "IM"]
[WhiteElo "2586"]
[BlackElo "2310"]
[WhiteFideId "13600966"]
[BlackFideId "14700050"]
[EventDate "2015.04.06"]

1. d4 d5 2. c4 e6 3. Nc3 Nf6 4. cxd5 exd5 5. Bg5 Be7 6. e3 O-O 7. Bd3 c6 8. Nge2
Nbd7 9. O-O Re8 10. f3 Nf8 11. Bh4 Ng6 12. Bf2 Bf8 13. Kh1 Be6 14. Qd2 Qd7 15.
Ng3 Rad8 16. Bg1 Bd6 17. Rac1 Ne7 18. Nge2 Ng6 19. Qc2 Bb8 20. Rce1 Nh4 21. Bf2
Nxg2 22. Kxg2 Bh3+ 23. Kg1 Bxf1 24. Rxf1 Qh3 25. Ng3 g6 26. Re1 Kg7 27. Bf1 Qd7 1-0

[Event "17th Dubai Chess Open"]
[Site "Dubai UAE"]
[Date "2015.04.07"]
[Round "2.25"]
[White "Kathmale, Sameer"]
[Black "Nigalidze, Gaioz"]
[Result "0-1"]
[WhiteTitle "IM"]
[BlackTitle "GM"]
[WhiteElo "2322"]
[BlackElo "2566"]
[WhiteFideId "5024498"]
[BlackFideId "13603078"]
[EventDate "2015.04.06"]

1. e4 c5 2. c3 d5 3. exd5 Qxd5 4. d4 Nf6 5. Nf3 Bg4 6. Nbd2 e6 7. Bc4 Qd8 8. Qb3
Qc7 9. Ne5 Nc6 10. Nxg4 Nxg4 11. Nf3 cxd4 12. O-O O-O-O 13. h3 Nge5 14. Nxe5
Nxe5 15. Bxe6+ fxe6 16. Qxe6+ Kb8 17. Bg5 Rc8 18. cxd4 Nc6 19. Rfd1 Bd6 20. Rac1
Rce8 21. Qb3 Qa5 22. Be3 Ne7 23. d5 Nf5 24. Bd2 Qb6 25. Qd3 Rhf8 26. Re1 Rxe1+
27. Rxe1 Qxb2 28. Bc3 Qa3 29. Rb1 Rc8 30. Qxf5 Qxc3 0-1